00342pab a2200121 454500008004000000100001700040245006300057260000900120300001500129362000800144650002500152773004300177180718b2012 xxu||||| |||| 00| 0 eng d aJain, Neeraj aKnowledge hoarding: A bottleneck to organizational success c2012 ap.750-752. aApr aKnowledge management aIndian Journal of Industrial Relations